Pohádka Jiřího Wolkera

Bibliographic Details
Main Authors: Feuereisl, Emil (Author), Makovská, Eva (Author)
Format: Article
Language:Czech
Subjects:

MARC

LEADER 00000nab a2200000uu 4500
001 vtls011507188
003 SK-MaSNL
005 20260303213737.0
008 211119|1973 xo |||||||||||||||||cze|
015 |a SNBRB 
035 |a (urnnbn)urn:nbn:sk:snk:ar-a0bvar 
035 |a (uuid)7742f8ba-7f97-4eba-86f3-bc9b86ae794b 
035 |a urn:nbn:sk:snk-abe075 
040 |a SNKBUCL  |b slo  |c SNKBUCL  |e AACR2 
041 0 |a cze 
044 |a xo  |c SK 
100 1 |a Feuereisl, Emil  |4 aut  |9 1195902 
245 1 0 |a Pohádka Jiřího Wolkera  |c Emil Feuereisl, Eva Makovská 
600 1 7 |a Wolker, Jiří,  |d 1900-1924  |2 SNKMA  |9 122050 
650 0 7 |a literárna tvorba  |2 SNKPH  |9 4226 
650 0 7 |a literatúra pre deti a mládež  |2 SNKPH  |9 21893 
650 0 7 |a rozprávky  |2 SNKPH  |9 75941 
655 7 |a štúdie  |2 SNKPH  |9 57033 
700 1 |a Makovská, Eva  |4 aut  |9 1247979 
773 0 |t Zlatý máj : kritická revue tvorby pro mládež  |g Roč. 17, č. 8 (1973), s. 545-550 
958 |a OND 
958 |a article20 
999 |c 2213645  |d 2215575